书目信息 |
| 题名: |
末代皇弟溥杰传
|
|
| 作者: | 贾英华 著 | |
| 分册: | ||
| 出版信息: | 北京 作家出版社 2002 |
|
| 页数: | 552页, 32页图版 | |
| 开本: | 21cm | |
| 丛书名: | ||
| 单 册: | ||
| 中图分类: | I25 | |
| 科图分类: | ||
| 主题词: | 传记文学--中国--当代 | |
| 电子资源: | ||
| ISBN: | 7-5063-2300-1 | |
| 000 | 00717nam0 22002170 450 | |
| 001 | 192004002050 | |
| 005 | 20070914100539.32 | |
| 010 | @a7-5063-2300-1@dCNY35.00 | |
| 100 | @a20070601d2002 ekmy0chiy0121 ea | |
| 101 | 0 | @achi |
| 102 | @aCN@b110000 | |
| 105 | @aacf z 000zy | |
| 200 | 1 | @a末代皇弟溥杰传@Amo dai huang di pu jie zhuan@f贾英华著 |
| 210 | @a北京@c作家出版社@d2002 | |
| 215 | @a552页, 32页图版@c图, 肖像@d21cm | |
| 330 | @a本书主要介绍末代皇弟溥杰的生平事迹,全书共分为二十五章:第一章、醇亲王府;第二章、王府生活;第三章、进宫会亲;第四章、逊清小朝廷等内容。 | |
| 606 | 0 | @a传记文学@y中国@z当代 |
| 690 | @aI25@v4 | |
| 701 | 0 | @a贾英华@Ajia ying hua@4著 |
| 801 | 2 | @aCN@c20070914 |
| 905 | @dI25@eJ252 | |
| 末代皇弟溥杰传/贾英华著.-北京:作家出版社,2002 |
| 552页, 32页图版:图, 肖像;21cm |
| ISBN 7-5063-2300-1:CNY35.00 |
| 本书主要介绍末代皇弟溥杰的生平事迹,全书共分为二十五章:第一章、醇亲王府;第二章、王府生活;第三章、进宫会亲;第四章、逊清小朝廷等内容。 |
| ● |
| 相关链接 |
|
|
|
正题名:末代皇弟溥杰传
索取号:I25/J252
 
预约/预借
| 序号 | 登录号 | 条形码 | 馆藏地/架位号 | 状态 | 备注 |
| 1 | 620906 | 206209066 | 社科二线400B/400B社科库 23排3列5层/ [索取号:I25/J252] | 在馆 | |
| 2 | 620907 | 206209075 | 社科二线400B/400B社科库 23排3列5层/ [索取号:I25/J252] | 在馆 | |
| 3 | 620908 | 206209084 | 社科二线400B/400B社科库 22排4列3层/ [索取号:I25/J252] | 在馆 |